Structured program design with TRS-80 BASIC (Record no. 76935)

MARC details
000 -LEADER
fixed length control field 01739nam a2200313 a 4500
008 - FIXED-LENGTH DATA ELEMENTS--GENERAL INFORMATION
fixed length control field 120416s1984 ||||||||||||||||| || u
020 ## - INTERNATIONAL STANDARD BOOK NUMBER
International Standard Book Number 0070184933
050 ## - LIBRARY OF CONGRESS CALL NUMBER
Classification number QA 76.5 Dwy
100 ## - MAIN ENTRY--PERSONAL NAME
Personal name Critchfield, Margot
245 10 - TITLE STATEMENT
Title Structured program design with TRS-80 BASIC
260 ## - PUBLICATION, DISTRIBUTION, ETC.
Place of publication, distribution, etc. New York:
Name of publisher, distributor, etc. McGraw-Hill
Date of publication, distribution, etc. 1984
300 ## - PHYSICAL DESCRIPTION
Extent vii, 343p.: ill
350 ## -
-- 0.00
490 ## -
-- A Byte book
490 ## -
-- Byte books.
500 ## - GENERAL NOTE
General note Rev. ed. of: You just bought a personal what? / Thomas Dwyer, Margot Critchfield. -Includes index.
650 ## - SUBJECT ADDED ENTRY--TOPICAL TERM
Topical term or geographic name entry element TRS-80 COMPUTERS--PROGRAMMING
650 ## - SUBJECT ADDED ENTRY--TOPICAL TERM
Topical term or geographic name entry element STRUCTURED PROGRAMMING
650 ## - SUBJECT ADDED ENTRY--TOPICAL TERM
Topical term or geographic name entry element MICROCOMPUTERS--PROGRAMMING
650 ## - SUBJECT ADDED ENTRY--TOPICAL TERM
Topical term or geographic name entry element MICROCOMPUTERS
650 ## - SUBJECT ADDED ENTRY--TOPICAL TERM
Topical term or geographic name entry element BASIC (COMPUTER PROGRAM LANGUAGE)
700 ## - ADDED ENTRY--PERSONAL NAME
Personal name Dwyer, Thomas A., 1923-
995 ## -
-- BINDERY (DAMAGED)
-- 0.00
-- 713521
-- CBU-MAIN LIBRARY (Kitwe)
-- 1
-- 0.00
-- QA 76.5 Dwy
-- DAMAGED
-- Jun 4, 2009
-- 713521
-- Main Library Open Access Collection
995 ## -
-- ANNEX COLLECTION (Main Library)
-- 0.00
-- 710311
-- CBU-MAIN LIBRARY (Kitwe)
-- 2
-- 14.50
-- QA 76.5 Dwy
-- 3
-- AVAILABLE
-- 025572
-- Annex Low-Usage Collection
995 ## -
-- ANNEX COLLECTION (Main Library)
-- 0.00
-- 710309
-- CBU-MAIN LIBRARY (Kitwe)
-- 3
-- 14.50
-- QA 76.5 Dwy
-- 1
-- AVAILABLE
-- 011769
-- Annex Low-Usage Collection
995 ## -
-- ANNEX COLLECTION (Main Library)
-- 0.00
-- 713520
-- CBU-MAIN LIBRARY (Kitwe)
-- 5
-- 14.50
-- QA 76.5 Dwy
-- 2
-- AVAILABLE
-- 011770
-- Annex Low-Usage Collection
995 ## -
-- MAIN LIBRARY OPEN ACCESS
-- 0.00
-- 710310
-- CBU-MAIN LIBRARY (Kitwe)
-- 4
-- 14.50
-- QA 76.5 Dwy
-- 5
-- LOST
-- 710310
-- Main Library Open Access Collection
995 ## -
-- BINDERY (DAMAGED)
-- 0.00
-- 710308
-- CBU-MAIN LIBRARY (Kitwe)
-- 1
-- 14.50
-- QA 76.5 Dwy
-- 4
-- DAMAGED
-- 710308
-- Main Library Open Access Collection
999 ## -
-- 76935
-- 76935
Holdings
Withdrawn status Lost status Source of classification or shelving scheme Damaged status Not for loan Permanent Location Current Location Shelving location Date acquired Total Checkouts Full call number Barcode Date last seen Copy number Price effective from Koha item type
          CBU-MAIN LIBRARY, KITWE. CBU-MAIN LIBRARY, KITWE.   04/25/2023   QA 76.5 Dwy 713521 04/25/2023 1 04/25/2023 MONOGRAPH
          CBU-MAIN LIBRARY, KITWE. CBU-MAIN LIBRARY, KITWE.   04/25/2023   QA 76.5 Dwy 025572 04/25/2023 2 04/25/2023 MONOGRAPH
          CBU-MAIN LIBRARY, KITWE. CBU-MAIN LIBRARY, KITWE.   04/25/2023   QA 76.5 Dwy 011769 04/25/2023 3 04/25/2023 MONOGRAPH
          CBU-MAIN LIBRARY, KITWE. CBU-MAIN LIBRARY, KITWE.   04/25/2023   QA 76.5 Dwy 011770 04/25/2023 4 04/25/2023 MONOGRAPH
          CBU-MAIN LIBRARY, KITWE. CBU-MAIN LIBRARY, KITWE.   04/25/2023   QA 76.5 Dwy 710310 04/25/2023 5 04/25/2023 MONOGRAPH
          CBU-MAIN LIBRARY, KITWE. CBU-MAIN LIBRARY, KITWE.   04/25/2023   QA 76.5 Dwy 710308 04/25/2023 6 04/25/2023 MONOGRAPH